Statistics for Getafe Best Scorer By Year

Click here to take the quiz!

General Stats

  • This quiz has been taken 49 times
    (35 since last reset)
  • The average score is 6 of 18

Answer Stats

Player% Correct
Enes Ünal
84%
Jaime Mata
71%
Jorge Molina
55%
Ángel Rodríguez
52%
Dani Güiza
45%
Roberto Soldado
39%
Pablo Sarabia
32%
Manu del Moral
29%
Ángel Lafita
26%
Pedro León
26%
Sergio Pachón
26%
Miku
19%
Álvaro Vázquez
16%
Juan Ángel Albín
16%
Diego Castro
13%
Mariano Pernía
10%
Michel
10%
Veljko Paunović
10%

Score Distribution

Percentile by Number Answered

Percent of People with Each Score

Your Score History

You have not taken this quiz since the last reset